LEADER 01341nam2 2200337 450 001 000033980 005 20220315143647.0 010 $a90-04-14558-3 100 $a20211124d2006----km-y0itay50------ba 101 0 $afre 102 $aNL 105 $ay-------001yy 200 1 $aArbitrage commercial international et lois de police$econsiderations sur les conflits de juridictions dans le commerce international$fpar Luca G. Radicati di Brozolo 210 $aLeiden$aBoston$cNijhoff$d2006 215 $aTome 315 p. 265-502$d24 cm 225 2 $aRecueil des cours$dCollected courses of the Hague Academy of International Law$vTome 315 (2005) 410 0$12001 423 0$1001000033953 423 0$1001000033977 461 0$1001000011982 500 10$aArbitrage commercial international et lois de police$92570313 610 1 $aDiritto del commercio internazionale$aConflitti di giurisdizione$aArbitrato 676 $a341$v20 700 1$aRadicati di Brozolo,$bLuca G.$0145079 712 02$aAcademie de droit international de la Haye 712 02$aHague Academy of International Law 801 0$aIT$bUNIPARTHENOPE$gRICA$2UNIMARC 912 $a000033980 951 $aSettore periodici in Recueil des cours$b40861/2005$cNAVA1$d2011 996 $aArbitrage commercial international et lois de police$92570313 997 $aUNIPARTHENOPE